| 000 | 01023nam a2200289 i 4500 | ||
|---|---|---|---|
| 001 | 89001 | ||
| 003 | ES-MaACL | ||
| 005 | 20250805062606.0 | ||
| 007 | t| | ||
| 008 | 050124s2004 sp |||| | spa d | ||
| 020 | _a84-7658-641-8 | ||
| 080 | _a316.334.56 | ||
| 080 | _a39.711.13 | ||
| 245 | 0 | 3 |
_aLa ciudad es para ti _b: nuevas y viejas tradiciones en ámbitos urbanos / _cEncarnación Aguilar Criado ... [et al.] ; Carmen Ortiz García (editora). |
| 250 | _a1ª ed. | ||
| 260 |
_aBarcelona : _bAnthropos, _c2004. |
||
| 300 |
_a349 p. : _bil. ; _c24 cm. |
||
| 490 | 1 |
_aCuadernos A. Temas de innovación social ; _v12 |
|
| 650 | 1 | 7 |
_aAntropología urbana _2embne _99899 |
| 650 | 7 |
_aAntropología cultural y social _2embne _99867 |
|
| 650 | 7 |
_aSociología _2embne _917195 |
|
| 700 | 1 |
_aAguilar Criado, Encarnación. _918719 |
|
| 700 | 1 |
_aOrtiz García, Carmen. _987620 |
|
| 830 | 0 |
_aCuadernos A. Temas de innovación social ; _v12 _9231864 |
|
| 852 |
_aES-MaACL _jL-28633 |
||
| 999 |
_c89001 _d89001 |
||